Techniques of program structure and design /
Guardado en:
| Autor Principal: | |
|---|---|
| Formato: | Libro |
| Idioma: | English |
| Publicado: |
Englewood Cliffs, N.J. :
Prentice-Hall,
[1975]
|
| Materias: | |
| Etiquetas: |
Agregar Etiqueta
Sin Etiquetas, Sea el primero en etiquetar este registro!
|
| LEADER | 00654cam a2200205 a 4500 | ||
|---|---|---|---|
| 001 | MAT.inmabb005940 | ||
| 008 | 750324s1975####njua#####b####001#0#eng## | ||
| 005 | 20170425162353.0 | ||
| 245 | 1 | 0 | |a Techniques of program structure and design / |c Edward Yourdon. |
| 260 | |a Englewood Cliffs, N.J. : |b Prentice-Hall, |c [1975] | ||
| 300 | |a xv, 364 p. : |b il. ; |c 24 cm. | ||
| 504 | |a Incluye referencias bibliográficas e índice. | ||
| 510 | 4 | |a MR, |c *REVIEW #* | |
| 020 | |a 013901702X | ||
| 100 | 1 | |a Yourdon, Edward. | |
| 650 | 0 | |a Computer programming. | |
| 084 | |a *CODIGO* |2 MR | ||
| 010 | |a 75009728 | ||
| 040 | |a DLC |c DLC |d DLC | ||
| 859 | |h 68 |i Y81 |p A-4735 |b BIB. MATEMATICA | ||
